A guide for estimating surface soil loss using the modified soil loss equation (MSLE) on forest land

Bibliographic Details
Main Author: BAHARUDDIN Kasran
Corporate Author: Institut Penyelidikan Perhutanan Malaysia (FRIM)
Other Authors: Abdul Rahim Nik, ZULKIFLI Yusof
Format: Book
Published: Kuala Lumpur : FRIM , 1999
Series:FRIM technical information handbook; n. 25
Subjects:

MARC

LEADER 00000cam a2200000 7i4500
001 0000000235
005 20021007.0
020 0 0 |a 9839592963 
090 0 0 |a FRIM631.45   |b BAH 1999 
100 0 0 |a BAHARUDDIN Kasran 
245 1 2 |a A guide for estimating surface soil loss using the modified soil loss equation (MSLE) on forest land   |c byBaharuddin Kasran, Zulkifli Yusop and Abdul Rahim Nik 
260 0 0 |a Kuala Lumpur :   |b FRIM ,   |c 1999 
300 |a 24 p. :   |b ill., maps ;   |c 23 cm. 
440 0 0 |a FRIM technical information handbook; n. 25 
500 0 0 |a Bibliography: [p. 10] 
650 0 0 |a Forests and forestry 
650 0 0 |a Soil erosion   |x Measurement 
700 0 1 |a Abdul Rahim Nik 
700 0 1 |a ZULKIFLI Yusof 
710 1 1 |a Institut Penyelidikan Perhutanan Malaysia (FRIM) 
998 |a JPSM 
999 |a 0000001246   |b Monograph   |c Open Shelf   |e Default branch 
999 |a 0000001878   |b Monograph   |c Open Shelf   |e Default branch 
999 |a 0000003485   |b Monograph   |c Open Shelf   |e Default branch